Quiz su Grenada - Statistics

Statistiche generali
  • Questo quiz è stato fatto 389 volte
  • Il punteggio medio è 11 su 15
Statistiche sulle risposte
Hint Risposta % Corretto
Lingua ufficiale Inglese
95%
Grenada è stato invaso da questo paese nel 1983 Stati Uniti d'America
93%
Mare che bagna il paese Mar dei Caraibi
92%
Paese da cui Grenada ha ottenuto l'indipendenza nel 1974 Regno Unito
90%
Paese in cui si trova la città di Granada da cui prende il nome Spagna
90%
Il paese continentale più vicino a Grenada Venezuela
86%
Grenada fa parte di questo arcipelago P{iccole} A{ntille}
81%
Sport più praticato Cricket
80%
Festa celebrata il 25 ottobre per commemorare l'invasione e il ripristino della democrazia. Non ha nessuna correlazione con la festa americana omonima Giorno del {Ringraziamento}
73%
Capitale Saint George's
69%
Ad agosto a Grenada si tiene questa festa che il resto del mondo celebra prima della Quaresima Carnevale
65%
Grenada fornisce il 40% della fornitura mondiale di questa spezia N{oce} M{oscata}
58%
Grenada è divisa in 6 di queste divisioni amministrative P{arrocchie}
56%
Uccello nazionale in pericolo di estinzione C{olomba} di Grenada
26%
Partito comunista che ha preso il potere con un colpo di stato incruento nel 1979 Movimento New {Jewel}
21%
Nessun quiz corrispondente trovato
Distribuzione punteggi
Percentuale di utenti per punteggio
Percentile per numero di risposta
I tuoi punteggi nel tempo
Non hai fatto questo quiz